| 000 | 00538nam a2200217 a 4500 | ||
|---|---|---|---|
| 999 |
_c4582 _d4582 |
||
| 001 | 4582 | ||
| 003 | BD-JhCC | ||
| 005 | 20171128200856.0 | ||
| 008 | 171128s1969 bg |||| ||a| 000 0 eng d | ||
| 035 | _a(BD-JhCC) 4582 | ||
| 040 |
_aBD-JhCC _dBD-JhCC |
||
| 041 | _aeng | ||
| 082 |
_a911 _b1969 |
||
| 100 | _aAHM, DR.Kazi S. | ||
| 245 |
_aA geography of Pakistan / _c DR.Kazi S. AHM |
||
| 260 |
_aLahore : _bOxford University press, _c1969 |
||
| 300 |
_a262 p .: _c18 cm . |
||
| 650 | _aGeography | ||
| 942 |
_2ddc _cBK |
||